Central Library OPAC University of Rajshahi

Rice pests of Bangladesh : (Record no. 36586)

MARC details
000 -LEADER
fixed length control field 00948nam a22002655i 4500
001 - CONTROL NUMBER
control field 36586
003 - CONTROL NUMBER IDENTIFIER
rucl marc code BD-RjUL
005 - DATE AND TIME OF LATEST TRANSACTION
control field 20211209052515.0
008 - FIXED-LENGTH DATA ELEMENTS--GENERAL INFORMATION
fixed length control field 140707s2012 bg a b 001 0 eng d
020 ## - INTERNATIONAL STANDARD BOOK NUMBER
International Standard Book Number 9789845060486
035 ## - SYSTEM CONTROL NUMBER
System control number (BD-RjUL)
040 ## - CATALOGING SOURCE
Original cataloging agency DLC
Language of cataloging eng
Description conventions rda
Transcribing agency BD-RjUL
Modifying agency BD-RjUL
041 ## - LANGUAGE CODE
Language code of text/sound track or separate title eng
082 ## - DEWEY DECIMAL CLASSIFICATION NUMBER
Classification number 633.189095492
Author mark and year ISR 2012
Edition number 22
100 0# - MAIN ENTRY--PERSONAL NAME
Personal name Islam, Zahirul
9 (RLIN) 111467
245 10 - TITLE STATEMENT
Title Rice pests of Bangladesh :
Remainder of title their ecology and management /
Statement of responsibility, etc. Zahirul Islam, David Catling.
260 ## - PUBLICATION, DISTRIBUTION, ETC. (IMPRINT)
Place of publication, distribution, etc. Dhaka, Bangladesh :
Name of publisher, distributor, etc. University Press Ltd.,
Date of publication, distribution, etc. c2012
300 ## - PHYSICAL DESCRIPTION
Pagination xxvi, 422 pages :
Illustrations illustrations (some color) ;
Size 24 cm
504 ## - BIBLIOGRAPHY, ETC. NOTE
Bibliography, etc Includes bibliographical references (pages 379-389) and index.
650 ## - SUBJECT ADDED ENTRY--TOPICAL TERM
Topical term or geographic name as entry element Rice
General subdivision Diseases and pests
Geographic subdivision Bangladesh
9 (RLIN) 111468
Topical term or geographic name as entry element Insect pests
Geographic subdivision Bangladesh.
9 (RLIN) 114707
700 1# - ADDED ENTRY--PERSONAL NAME
Personal name Catling, H. D.
Fuller form of name (H. David),
Relator term author.
942 ## - ADDED ENTRY ELEMENTS (KOHA)
Source of classification or shelving scheme Dewey Decimal Classification
Koha item type Books
Holdings
Lost status Source of classification or shelving scheme Damaged status Not for loan Collection code Permanent Location Current Location Shelving location Date acquired Source of acquisition Total Checkouts Full call number Date last seen Copy number Koha item type Cost, normal purchase price
  Dewey Decimal Classification   Not For Loan Non-fiction Central Library, University of Rajshahi Central Library, University of Rajshahi Reading Room 02/07/2014 RUCL   633.189095492 ISR 2012 07/07/2014 C-1 Books  
  Dewey Decimal Classification     Non-fiction Central Library, University of Rajshahi Central Library, University of Rajshahi   23/07/2014 Baatighar, Chittagong   633.189095492 ISR 2012 30/12/2014 C-2 Books 1520.00
  Dewey Decimal Classification     Non-fiction Central Library, University of Rajshahi Central Library, University of Rajshahi   23/07/2014 Baatighar, Chittagong   633.189095492 ISR 2012 31/12/2014 C-3 Books 1520.00